000 00551nam a2200205Ia 4500
005 20260429112101.0
008 260429s9999||||xx |||||||||||||| ||und||
020 _a9788126941551
041 _aEnglish
082 _a336.4
_bGUP
100 _aGupta, J. R.
245 0 _aPublic economics in India :
_btheory and practice /
_cJ. R. Gupta
250 _a2nd ed.
260 _aNew Delhi :
_bAtlantic Publishers and Distributors,
_c2025.
300 _axi, 602 p.; hb
650 _a India
650 _a Public
650 _aEconomics
942 _cTB
999 _c52261
_d52261